Legendy afrykańskiego futbolu. - Statystyki

Ogólne statystyki
  • Ten quiz został rozwiązany 167 razy
  • Średni wynik to 5 z 10
Statystyki odpowiedzi
3 najpopularniejsze kluby w których grał Piłkarz % Poprawnych
Olympique Marsylia, Chelsea, Galatasaray Didier Drogba
83%
Real Madryt, Barcelona, Inter Samuel Eto'o
75%
Monaco, Barcelona, Manchester City Yaya Toure
67%
Arsenal, Manchester City, Liverpool Kolo Toure
52%
Olympique Lyon, Chelsea, Real Madryt Michael Essien
52%
PSG, Milan , Chelsea George Weah
49%
Fenerbahce, PSG, Bolton Jay-Jay Okocha
44%
Arsenal, Manchester City, Real Madryt Emmanuel Adebayor
32%
Lille, Olympique Lyon, Olympique Marsylia Abedi Pele
29%
Olympique Lyon, Tottenham, Sevilla Frederic Kanoute
5%
Nie znaleziono quizów pasujących do podanych kryteriów
Rozkład punktacji
Procent ludzi z każdym wynikiem
Percentyl według liczby udzielonych odpowiedzi
Twoja historia wyników
Nie rozwiązałeś tego quizu